Hoàn thiện công việc văn phòng với Access 2003

Saved in:
Bibliographic Details
Main Author: Nguyễn, Minh Đức
Format: Book
Language:Undetermined
Published: Hà Nội Giao thông vận tải 2004
Subjects:
Tags: Add Tag
No Tags, Be the first to tag this record!
Institutions: Trung tâm Học liệu Trường Đại học Cần Thơ
LEADER 00582nam a2200193Ia 4500
001 CTU_63374
008 210402s9999 xx 000 0 und d
020 |b 42000 
082 |a 651.853 
082 |b Đ552 
100 |a Nguyễn, Minh Đức 
245 0 |a Hoàn thiện công việc văn phòng với Access 2003 
245 0 |c Nguyễn Minh Đức 
260 |a Hà Nội 
260 |b Giao thông vận tải 
260 |c 2004 
650 |a Access ( computer programes ) 
904 |i Mai Loan 
980 |a Trung tâm Học liệu Trường Đại học Cần Thơ